000
00299nam a2200109Ia 4500
008
200302s9999 xx 000 0 und d
100
_a
Aurora fernamdez per
245
_a
Design Techniques Solid Harvard smposia on architecture
260
_b
A+T Architecture Publisher
260
_c
2015
300
_a
157
999
_c
6562
_d
6562